{"text_format":"3","workbook":"xlsx","n_sheets":1,"sheets":["t287"],"read":"whole","date_system":"1900"}

{"sheet":"t287","index":0,"n_rows":159,"n_cols":7,"rows_kept":159,"merged":[[0,0,0,6],[30,0,30,5],[46,0,46,5],[146,0,146,5]]}
["TABELA 287.1 - Estatísticas Agrícolas, Município de Jeriquara, Estado de São Paulo, 2007/08."]
["ITEM","UNIDADE","N.DE UPAs","MÍNIMO","MÉDIO","MÁXIMO","TOTAL"]
["Distância à sede do município","km",209,0.1,{"v":7.18,"d":"7.2"},{"v":18,"d":"18.0"},"-"]
["Área total","hectare",209,2.4,{"v":68.22,"d":"68.2"},{"v":720,"d":"720.0"},{"v":14257.9,"d":"14,257.9"}]
["Área com cultura perene","hectare",91,{"v":1,"d":"1.0"},{"v":30.11,"d":"30.1"},{"v":293,"d":"293.0"},{"v":2740.1,"d":"2,740.1"}]
["Área com cultura temporária","hectare",126,{"v":1,"d":"1.0"},{"v":51.82,"d":"51.8"},392.1,{"v":6529.6,"d":"6,529.6"}]
["Área com pastagem","hectare",106,1.3,{"v":30.72,"d":"30.7"},622.6,{"v":3256.7,"d":"3,256.7"}]
["Área com reflorestamento","hectare",4,{"v":1,"d":"1.0"},{"v":4,"d":"4.0"},{"v":7,"d":"7.0"},{"v":16,"d":"16.0"}]
["Área com vegetação natural","hectare",128,0.4,{"v":6.19,"d":"6.2"},39.6,792.4]
["Área com vegetação de brejo e várzea","hectare",65,0.2,{"v":7.08,"d":"7.1"},{"v":70,"d":"70.0"},460.5]
["Área em descanso","hectare",3,2.4,{"v":3.67,"d":"3.7"},5.6,{"v":11,"d":"11.0"}]
["Área complementar","hectare",131,0.2,{"v":3.45,"d":"3.5"},{"v":60,"d":"60.0"},451.6]
["Área das UPAs com (0, 1] ha","hectare","-","-","-","-","-"]
["Área das UPAs com (1, 2] ha","hectare","-","-","-","-","-"]
["Área das UPAs com (2, 5] ha","hectare",8,2.4,3.5,4.6,{"v":28,"d":"28.0"}]
["Área das UPAs com (5, 10] ha","hectare",10,5.4,{"v":7.67,"d":"7.7"},9.8,76.7]
["Área das UPAs com (10, 20] ha","hectare",33,10.8,{"v":14.52,"d":"14.5"},19.2,479.1]
["Área das UPAs com (20, 50] ha","hectare",75,20.5,{"v":35.63,"d":"35.6"},{"v":50,"d":"50.0"},{"v":2672.2,"d":"2,672.2"}]
["Área das UPAs com (50, 100] ha","hectare",48,50.4,{"v":70.73,"d":"70.7"},{"v":100,"d":"100.0"},{"v":3395,"d":"3,395.0"}]
["Área das UPAs com (100, 200] ha","hectare",21,102.8,{"v":129.85,"d":"129.9"},198.4,{"v":2726.8,"d":"2,726.8"}]
["Área das UPAs com (200, 500] ha","hectare",12,210.5,{"v":289.71,"d":"289.7"},492.1,{"v":3476.5,"d":"3,476.5"}]
["Área das UPAs com (500, 1.000] ha","hectare",2,683.6,701.8,{"v":720,"d":"720.0"},{"v":1403.6,"d":"1,403.6"}]
["Área das UPAs com (1.000, 2.000] ha","hectare","-","-","-","-","-"]
["Área das UPAs com (2.000, 5.000] ha","hectare","-","-","-","-","-"]
["Área das UPAs com (5.000, 10.000] ha","hectare","-","-","-","-","-"]
["Área das UPAs acima de 10.000 ha","hectare","-","-","-","-","-"]
["Familiares do proprietário que trabalham na UPA","unidade",84,{"v":1,"d":"1.0"},{"v":1.69,"d":"1.7"},{"v":8,"d":"8.0"},{"v":142,"d":"142.0"}]
["Trabalhadores permanentes","unidade",65,{"v":1,"d":"1.0"},{"v":2.92,"d":"2.9"},{"v":22,"d":"22.0"},{"v":190,"d":"190.0"}]
["Fonte: Secretaria de Agricultura e Abastecimento, CDRS/IEA, Projeto LUPA."]
[]
["TABELA 287.2 - Explorações Animais, Município de Jeriquara, Estado de São Paulo, 2007/08."]
["ITEM","UNIDADE","N.DE UPAs","MÍNIMO","MÉDIO","MÁXIMO","TOTAL"]
["Asininos E Muares","cabeças",1,{"v":4,"d":"4.0"},{"v":4,"d":"4.0"},{"v":4,"d":"4.0"},{"v":4,"d":"4.0"}]
["Avicultura de Corte","cabeças/ano",3,{"v":23000,"d":"23,000.0"},{"v":120333.33,"d":"120,333.3"},{"v":288000,"d":"288,000.0"},{"v":361000,"d":"361,000.0"}]
["Avicultura Ornamental/Decorativa/Exótica","cabeças",1,{"v":15,"d":"15.0"},{"v":15,"d":"15.0"},{"v":15,"d":"15.0"},{"v":15,"d":"15.0"}]
["Avicultura para Ovos","cabeças",1,{"v":50,"d":"50.0"},{"v":50,"d":"50.0"},{"v":50,"d":"50.0"},{"v":50,"d":"50.0"}]
["Bovinocultura de Corte","cabeças",25,{"v":4,"d":"4.0"},{"v":29.48,"d":"29.5"},{"v":120,"d":"120.0"},{"v":737,"d":"737.0"}]
["Bovinocultura Leiteira","cabeças",11,{"v":4,"d":"4.0"},{"v":25.82,"d":"25.8"},{"v":55,"d":"55.0"},{"v":284,"d":"284.0"}]
["Bovinocultura Mista","cabeças",50,{"v":1,"d":"1.0"},{"v":52.52,"d":"52.5"},{"v":200,"d":"200.0"},{"v":2626,"d":"2,626.0"}]
["Equinocultura","cabeças",6,{"v":1,"d":"1.0"},{"v":1.67,"d":"1.7"},{"v":3,"d":"3.0"},{"v":10,"d":"10.0"}]
["Outra Exploração Animal","cabeças",1,{"v":60,"d":"60.0"},{"v":60,"d":"60.0"},{"v":60,"d":"60.0"},{"v":60,"d":"60.0"}]
["Ovinocultura","cabeças",3,{"v":50,"d":"50.0"},{"v":143.33,"d":"143.3"},{"v":330,"d":"330.0"},{"v":430,"d":"430.0"}]
["Piscicultura","m² tanques",1,{"v":12100,"d":"12,100.0"},{"v":12100,"d":"12,100.0"},{"v":12100,"d":"12,100.0"},{"v":12100,"d":"12,100.0"}]
["Suinocultura","cabeças",7,{"v":1,"d":"1.0"},{"v":56.86,"d":"56.9"},{"v":150,"d":"150.0"},{"v":398,"d":"398.0"}]
["Fonte: Secretaria de Agricultura e Abastecimento, CDRS/IEA, Projeto LUPA."]
[]
["TABELA 287.3 -  Máquinas, Implementos e Benfeitorias, Município de Jeriquara, Estado de São Paulo, 2007/08."]
["ITEM","UNIDADE","N.DE UPAs","MÍNIMO","MÉDIO","MÁXIMO","TOTAL"]
["Arado Comum (Bacia, Aiveca)","Unidade",22,{"v":1,"d":"1.0"},{"v":1.14,"d":"1.1"},{"v":2,"d":"2.0"},{"v":25,"d":"25.0"}]
["Arado Escarificador","Unidade",9,{"v":1,"d":"1.0"},{"v":1,"d":"1.0"},{"v":1,"d":"1.0"},{"v":9,"d":"9.0"}]
["Arado Subsolador","Unidade",5,{"v":1,"d":"1.0"},{"v":1,"d":"1.0"},{"v":1,"d":"1.0"},{"v":5,"d":"5.0"}]
["Câmara Fria","Unidade",1,{"v":2,"d":"2.0"},{"v":2,"d":"2.0"},{"v":2,"d":"2.0"},{"v":2,"d":"2.0"}]
["Colhedeira Acoplada","Unidade",1,{"v":1,"d":"1.0"},{"v":1,"d":"1.0"},{"v":1,"d":"1.0"},{"v":1,"d":"1.0"}]
["Colhedeira Automotriz","Unidade",3,{"v":1,"d":"1.0"},{"v":1.67,"d":"1.7"},{"v":3,"d":"3.0"},{"v":5,"d":"5.0"}]
["Computador","Unidade",7,{"v":1,"d":"1.0"},{"v":1.43,"d":"1.4"},{"v":3,"d":"3.0"},{"v":10,"d":"10.0"}]
["Conj.Irrigação Convencional","Unidade",1,{"v":1,"d":"1.0"},{"v":1,"d":"1.0"},{"v":1,"d":"1.0"},{"v":1,"d":"1.0"}]
["Conj.Irrigação Pivot Central","Unidade",1,{"v":2,"d":"2.0"},{"v":2,"d":"2.0"},{"v":2,"d":"2.0"},{"v":2,"d":"2.0"}]
["Conj.Irrigação/Gotejamento/Microaspersão","Unidade",6,{"v":1,"d":"1.0"},{"v":1,"d":"1.0"},{"v":1,"d":"1.0"},{"v":6,"d":"6.0"}]
["Desintegrador de Palha (Plantio Direto)","Unidade",1,{"v":1,"d":"1.0"},{"v":1,"d":"1.0"},{"v":1,"d":"1.0"},{"v":1,"d":"1.0"}]
["Desintegrador, Picador, Triturador","Unidade",13,{"v":1,"d":"1.0"},{"v":1.85,"d":"1.9"},{"v":10,"d":"10.0"},{"v":24,"d":"24.0"}]
["Distribuidor de Calcário","Unidade",32,{"v":1,"d":"1.0"},{"v":1.25,"d":"1.3"},{"v":3,"d":"3.0"},{"v":40,"d":"40.0"}]
["Ensiladeira","Unidade",21,{"v":1,"d":"1.0"},{"v":1,"d":"1.0"},{"v":1,"d":"1.0"},{"v":21,"d":"21.0"}]
["Grade Aradora (Tipo Romi)","Unidade",13,{"v":1,"d":"1.0"},{"v":1.38,"d":"1.4"},{"v":4,"d":"4.0"},{"v":18,"d":"18.0"}]
["Grade Niveladora","Unidade",19,{"v":1,"d":"1.0"},{"v":1.16,"d":"1.2"},{"v":2,"d":"2.0"},{"v":22,"d":"22.0"}]
["Máquina de Classificar Frutas","Unidade",1,{"v":1,"d":"1.0"},{"v":1,"d":"1.0"},{"v":1,"d":"1.0"},{"v":1,"d":"1.0"}]
["Misturador de Ração","Unidade",3,{"v":1,"d":"1.0"},{"v":1,"d":"1.0"},{"v":1,"d":"1.0"},{"v":3,"d":"3.0"}]
["Ordenhadeira Mecânica","Unidade",4,{"v":1,"d":"1.0"},{"v":1,"d":"1.0"},{"v":1,"d":"1.0"},{"v":4,"d":"4.0"}]
["Pulverizador Tratorizado","Unidade",56,{"v":1,"d":"1.0"},{"v":1.64,"d":"1.6"},{"v":5,"d":"5.0"},{"v":92,"d":"92.0"}]
["Resfriador de Leite, Tanque Expansão","Unidade",2,{"v":1,"d":"1.0"},{"v":1,"d":"1.0"},{"v":1,"d":"1.0"},{"v":2,"d":"2.0"}]
["Semeadeira/Adubadeira para Plantio Convencional","Unidade",8,{"v":1,"d":"1.0"},{"v":1.13,"d":"1.1"},{"v":2,"d":"2.0"},{"v":9,"d":"9.0"}]
["Semeadeira/Plantadeira Plantio Direto","Unidade",8,{"v":1,"d":"1.0"},{"v":1.38,"d":"1.4"},{"v":3,"d":"3.0"},{"v":11,"d":"11.0"}]
["Terraceador","Unidade",1,{"v":1,"d":"1.0"},{"v":1,"d":"1.0"},{"v":1,"d":"1.0"},{"v":1,"d":"1.0"}]
["Trator de Pneus","Unidade",78,{"v":1,"d":"1.0"},{"v":2.49,"d":"2.5"},{"v":24,"d":"24.0"},{"v":194,"d":"194.0"}]
["Açude/Represa","Unidade",29,{"v":1,"d":"1.0"},{"v":1.59,"d":"1.6"},{"v":8,"d":"8.0"},{"v":46,"d":"46.0"}]
["Almoxarifado/Oficina","Unidade",4,{"v":1,"d":"1.0"},{"v":1,"d":"1.0"},{"v":1,"d":"1.0"},{"v":4,"d":"4.0"}]
["Armazém para Grãos Ensacados","Sacas",11,{"v":1,"d":"1.0"},{"v":1.27,"d":"1.3"},{"v":3,"d":"3.0"},{"v":14,"d":"14.0"}]
["Balança para Bovinos","Unidade",1,{"v":1,"d":"1.0"},{"v":1,"d":"1.0"},{"v":1,"d":"1.0"},{"v":1,"d":"1.0"}]
["Balança para Veículos","Unidade",3,{"v":1,"d":"1.0"},{"v":1,"d":"1.0"},{"v":1,"d":"1.0"},{"v":3,"d":"3.0"}]
["Barracão para Granja/Avicultura","Unidade",4,{"v":1,"d":"1.0"},{"v":4.25,"d":"4.3"},{"v":11,"d":"11.0"},{"v":17,"d":"17.0"}]
["Barracão/Galpão/Garagem","Unidade",60,{"v":1,"d":"1.0"},{"v":1.17,"d":"1.2"},{"v":3,"d":"3.0"},{"v":70,"d":"70.0"}]
["Casa de Moradia Habitada","Unidade",98,{"v":1,"d":"1.0"},1.5,{"v":10,"d":"10.0"},{"v":147,"d":"147.0"}]
["Casa de Moradia Total","Unidade",108,{"v":1,"d":"1.0"},{"v":2.18,"d":"2.2"},{"v":12,"d":"12.0"},{"v":235,"d":"235.0"}]
["Curral/Mangueira","Unidade",68,{"v":1,"d":"1.0"},{"v":1.03,"d":"1.0"},{"v":2,"d":"2.0"},{"v":70,"d":"70.0"}]
["Depósito/Tulha","Unidade",50,{"v":1,"d":"1.0"},1.2,{"v":6,"d":"6.0"},{"v":60,"d":"60.0"}]
["Estábulo","Unidade",4,{"v":1,"d":"1.0"},{"v":1,"d":"1.0"},{"v":1,"d":"1.0"},{"v":4,"d":"4.0"}]
["Fábrica de Ração","Unidade",2,{"v":1,"d":"1.0"},{"v":1,"d":"1.0"},{"v":1,"d":"1.0"},{"v":2,"d":"2.0"}]
["Máquina de Benefício","Unidade",24,{"v":1,"d":"1.0"},{"v":1.04,"d":"1.0"},{"v":2,"d":"2.0"},{"v":25,"d":"25.0"}]
["Olaria","Unidade",1,{"v":1,"d":"1.0"},{"v":1,"d":"1.0"},{"v":1,"d":"1.0"},{"v":1,"d":"1.0"}]
["Pocilga","Unidade",2,{"v":1,"d":"1.0"},{"v":1,"d":"1.0"},{"v":1,"d":"1.0"},{"v":2,"d":"2.0"}]
["Poço Semi-Artesiano","Unidade",17,{"v":1,"d":"1.0"},{"v":1.06,"d":"1.1"},{"v":2,"d":"2.0"},{"v":18,"d":"18.0"}]
["Posto Meteorológico","Unidade",1,{"v":1,"d":"1.0"},{"v":1,"d":"1.0"},{"v":1,"d":"1.0"},{"v":1,"d":"1.0"}]
["Secador de Grãos","Unidade",22,{"v":1,"d":"1.0"},1.5,{"v":5,"d":"5.0"},{"v":33,"d":"33.0"}]
["Silo para Grãos","t",2,{"v":1,"d":"1.0"},{"v":1,"d":"1.0"},{"v":1,"d":"1.0"},{"v":2,"d":"2.0"}]
["Silo para Silagem","t",17,{"v":1,"d":"1.0"},{"v":110,"d":"110.0"},{"v":450,"d":"450.0"},{"v":1870,"d":"1,870.0"}]
["Terreiro","m²",53,{"v":1,"d":"1.0"},{"v":1559.81,"d":"1,559.8"},{"v":17000,"d":"17,000.0"},{"v":82670,"d":"82,670.0"}]
["Fonte: Secretaria de Agricultura e Abastecimento, CDRS/IEA, Projeto LUPA."]
[]
["TABELA 287.4 - Outras Estatísticas Agrícolas, Município de Jeriquara, Estado de São Paulo, 2007/08."]
["ITEM","Número de UPAs",null,"Percentual"]
["Faz Parte de Associação de Produtores",33,null,{"v":15.789473684210527,"d":"15.8"}]
["Faz Parte de Cooperativa de Produtores",103,null,{"v":49.282296650717704,"d":"49.3"}]
["Faz Parte do Sindicato de Produtores",62,null,{"v":29.66507177033493,"d":"29.7"}]
["Não utiliza assistência técnica ",99,null,{"v":47.36842105263158,"d":"47.4"}]
["Utiliza somente assistência técnica governamental ",44,null,{"v":21.05263157894737,"d":"21.1"}]
["Utiliza somente assistência técnica privada ",16,null,{"v":7.655502392344498,"d":"7.7"}]
["Utiliza assistência técnica tanto governamental quanto privada",50,null,{"v":23.923444976076553,"d":"23.9"}]
["Utiliza Crédito Rural",72,null,{"v":34.44976076555024,"d":"34.4"}]
["Utiliza Seguro Rural",30,null,{"v":14.354066985645932,"d":"14.4"}]
["Utiliza Escrituração Agrícola",167,null,{"v":79.90430622009569,"d":"79.9"}]
["Acessa Internet p/ Fins na Agropecuária",5,null,{"v":2.3923444976076556,"d":"2.4"}]
["Utiliza Computador nas Atividades Agropecuárias",7,null,{"v":3.349282296650718,"d":"3.3"}]
["Utiliza Energia Elétrica Para Uso na Atividade Agrícola",141,null,{"v":67.46411483253588,"d":"67.5"}]
["Realiza Análise de Solo, quando necessário",175,null,{"v":83.73205741626795,"d":"83.7"}]
["Utiliza Práticas de Conservação de Solo, quando necessário",180,null,{"v":86.1244019138756,"d":"86.1"}]
["Faz Adubação Mineral, quando necessário",164,null,{"v":78.4688995215311,"d":"78.5"}]
["Faz Adubação Orgânica, quando necessário",149,null,{"v":71.29186602870813,"d":"71.3"}]
["Faz Adubação Verde, quando necessário",71,null,{"v":33.97129186602871,"d":"34.0"}]
["Utiliza Manejo Integrado de Pragas (MIP)",38,null,{"v":18.181818181818183,"d":"18.2"}]
["Utiliza Hidroponia","-",null,"-"]
["Utiliza Plasticultura",1,null,{"v":0.4784688995215311,"d":"0.5"}]
["Utiliza Mudas Fiscalizadas",109,null,{"v":52.153110047846894,"d":"52.2"}]
["Utiliza Semente Melhorada",60,null,{"v":28.708133971291865,"d":"28.7"}]
["Faz Confinamento de Bovinos",1,null,{"v":0.4784688995215311,"d":"0.5"}]
["Utiliza Pastejo Intensivo",16,null,{"v":7.655502392344498,"d":"7.7"}]
["Faz Inseminação Artificial",2,null,{"v":0.9569377990430623,"d":"1.0"}]
["Faz Mineralização do Rebanho",56,null,{"v":26.79425837320574,"d":"26.8"}]
["Faz Vermifugação do Rebanho",58,null,{"v":27.7511961722488,"d":"27.8"}]
["Possui Parceiros /Arrendatários na Exploração Animal",5,null,{"v":2.3923444976076556,"d":"2.4"}]
["Esporte e lazer",1,null,{"v":0.4784688995215311,"d":"0.5"}]
["Extração mineral","-",null,"-"]
["Hotel Fazenda, Pousada ou SPA","-",null,"-"]
["Pesque-pague","-",null,"-"]
["Restaurante ou Lanchonete","-",null,"-"]
["Transformação artesanal","-",null,"-"]
["Turismo rural ou ecoturismo","-",null,"-"]
["Outras atividades econômicas rurais",1,null,{"v":0.4784688995215311,"d":"0.5"}]
["Agroindústria","-",null,"-"]
["Proprietário sem instrução ou com instrução incompleta","-",null,"-"]
["Proprietário com antigo primário completo",50,null,{"v":23.923444976076553,"d":"23.9"}]
["Proprietário com 1° grau (ou antigo ginasial) completo",27,null,{"v":12.91866028708134,"d":"12.9"}]
["Proprietário com 2° grau (ou antigo colegial) completo",74,null,{"v":35.4066985645933,"d":"35.4"}]
["Proprietário com curso superior completo ",58,null,{"v":27.7511961722488,"d":"27.8"}]
["Pessoa Jurídica","-",null,"-"]
["Proprietário residente na própria UPA ",30,null,{"v":14.354066985645932,"d":"14.4"}]
["Fonte: Secretaria de Agricultura e Abastecimento, CDRS/IEA, Projeto LUPA."]
[]
["TABELA 287.5 - Área Cultivada, Município de Jeriquara, Estado de São Paulo, 2007/08."]
["CULTURA","N.DE UPAs","MÍNIMO","MÉDIO","MÁXIMO","TOTAL"]
["Cana-de-acucar",94,{"v":1,"d":"1.0"},{"v":55.31,"d":"55.3"},392.1,{"v":5199.2,"d":"5,199.2"}]
["Braquiaria",106,1.3,{"v":30.72,"d":"30.7"},622.6,{"v":3256.7,"d":"3,256.7"}]
["Cafe",91,{"v":1,"d":"1.0"},{"v":29.98,"d":"30.0"},{"v":293,"d":"293.0"},{"v":2728.1,"d":"2,728.1"}]
["Milho",20,1.9,{"v":34,"d":"34.0"},{"v":300,"d":"300.0"},679.9]
["Soja",18,{"v":7,"d":"7.0"},{"v":26.62,"d":"26.6"},{"v":75,"d":"75.0"},479.1]
["Batata-inglesa (ou batata, ou batatinha)",1,144.8,144.8,144.8,144.8]
["Sorgo",3,2.4,13.6,27.4,40.8]
["Eucalipto",4,{"v":1,"d":"1.0"},{"v":4,"d":"4.0"},{"v":7,"d":"7.0"},{"v":16,"d":"16.0"}]
["Abacate",1,{"v":12,"d":"12.0"},{"v":12,"d":"12.0"},{"v":12,"d":"12.0"},{"v":12,"d":"12.0"}]
["Melao",1,10.8,10.8,10.8,10.8]
["Fonte: Secretaria de Agricultura e Abastecimento, CDRS/IEA, Projeto LUPA."]